00969njm a2200253Ia 450000100060000000300090000600500170001500800410003204000130007304000130008610000190009910000180011810000380013624500110017425000110018526000110019626000760020730000100028330000290029350000420032250502350036465000530059970000630065226849IT-RoPAU20220918181138.0131025s9999 xx 000 0 und d aIT-RoPAU cIT-RoPAU aZappa Riccardo eAutore musica gCodice autore musica SPICS: 10040 aMinuti a1a ed. aITALIA bDDD - DROGUERIA DI DRUGOLOc1985 [1a Ed.:1985 - Ed. Lingua Orig.: 1985] aDISCO c45 minuti (Testo: pag.) aMusica strumentale: chitarra classica aMinuti - Piccoli fuochi (colonna sonora dell'omonimo film) - Audition Delay - Megale Hellas - Preludio in mi minore - Bolero - Tema di mare e Tom (colonna sonora del film "Piccoli fuochi") - Princess' Dreams - A sud lungo la costa aSTRUMENTALE [DISCHI]eCodice MATERIA SPICS: 9950 aZappa RiccardogCodice interprete SPICS: 10040eInterprete